000 00285nam a22001337a 4500
003 SGT
082 _a635
_bHED
100 _aHEDRICK U P
245 _aSTURTEVANT'S NOTES ON EDIBLE PLANTS
260 _aNEW YORK
_bALBANY PUB
_c1919
300 _a686
650 _aAG
942 _2ddc
_cRARE
999 _c33759
_d33759